LEADER 03863nam 22006132 450 001 9910451467703321 005 20210531145055.0 010 $a94-012-0200-1 010 $a1-4237-9156-8 024 7 $a10.1163/9789401202008 035 $a(CKB)1000000000462422 035 $a(EBL)556830 035 $a(OCoLC)714567431 035 $a(SSID)ssj0000106204 035 $a(PQKBManifestationID)11982206 035 $a(PQKBTitleCode)TC0000106204 035 $a(PQKBWorkID)10106792 035 $a(PQKB)11323402 035 $a(MiAaPQ)EBC556830 035 $a(Au-PeEL)EBL556830 035 $a(CaPaEBR)ebr10380168 035 $a(nllekb)BRILL9789401202008 035 $a(EXLCZ)991000000000462422 100 $a20200716d2005 uy 0 101 0 $aeng 135 $aur|n|---||||| 181 $ctxt 182 $cc 183 $acr 200 00$aArts in Exile in Britain 1933-1945 $ePolitics and Cultural Identity /$fedited by Shulamith Behr, Marian Malet 210 1$aLeiden; $aBoston :$cBRILL,$d2005. 215 $a1 online resource (385 p.) 225 1 $aYearbook of the Research Centre for German and Austrian Exile Studies ;$v6 300 $aDescription based upon print version of record. 311 $a90-420-1786-4 320 $aIncludes bibliographical references and index. 327 $aTable of Illustrations -- Preface -- Shulamith BEHR: Klaus E. Hinrichsen: The Art Historian behind 'Visual Art behind the Wire' -- ART AS POLITICS -- Duncan FORBES: Politics, Photography and Exile in the Life of Edith Tudor-Hart (1908-1973) -- Rebecca SCRAGG: Hanging Hitler: Joseph Flatter's Mein Kampf Illustrated Series, 1938-1942 -- Anna MÜLLER-HÄRLIN: Fred Uhlman's Internment Drawings -- BETWEEN THE PUBLIC AND THE DOMESTIC -- Margaret GARLAKE: A Minor Language? Three Émigré Sculptors and their Strategies of Assimilation -- Volker M. WELTER: Ernst L. Freud - Domestic Architect -- CREATING FRAMEWORKS -- Anna MÜLLER-HÄRLIN: 'It all happened in this street, Downshire Hill': Fred Uhlman and the Free German League of Culture -- Dorothea McEWAN: Exhibition as Morale Boosters. The Exhibition Programme of the Warburg Institute 1938-1945 -- Jutta VINZENT: Muteness as Utterance of a Forced Reality - Jack Bilbo's Modern Art Gallery (1941-1948) -- Ulrik RUNEBERG: Immigrant Picture Restorers of the German-speaking World in England from the 1930s to the Post-war Era -- Index. 330 $aThis volume focuses on the contribution of refugees from Nazism to the Arts in Britain. The essays examine the much neglected theme of art in internment and address the spheres of photography, political satire, sculpture, architecture, artists' organisations, institutional models, dealership and conservation. These are considered under the broad headings 'Art as Politics', 'Between the Public and the Domestic' and 'Creating Frameworks'. Such categories assist in posing questions regarding the politics of identity and gender, as well as providing an opportunity to explore the complex issues of cultural formation. The volume will be of interest to scholars and students of twentieth-century art history, museum and conservation studies, politics and cultural studies, in addition to those involved in German Studies and in German and Austrian Exile Studies. 410 0$aYearbook of the Research Centre for German and Austrian Exile Studies ;$v6. 517 3 $aPolitics and Cultural Identity 606 $aArtists$zAustria$y20th century 606 $aArtists$zGermany$y20th century 608 $aElectronic books. 615 0$aArtists 615 0$aArtists 676 $a700.943 702 $aMalet$b Marian 702 $aBehr$b Shulamith 801 0$bNL-LeKB 801 1$bNL-LeKB 906 $aBOOK 912 $a9910451467703321 996 $aArts in exile in Britain 1933-1945$91915583 997 $aUNINA LEADER 01346nam 2200361 n 450 001 996384706903316 005 20221107221148.0 035 $a(CKB)4940000000069437 035 $a(EEBO)2240893490 035 $a(UnM)99851302 035 $a(EXLCZ)994940000000069437 100 $a19920328d1629 uy | 101 0 $aeng 135 $aurbn||||a|bb| 200 02$aA sermon preached at the publicke fast$b[electronic resource] $eTo the Commons house of Parliament. April. 5th. 1628. By Ier. Dyke minister of Gods Word, at Epping in Essex 210 $aLondon $cPrinted [by A. Mathewes] for Robert Mylbourne, and are to be sold at his shop in Pauls Church-yard, at the signe of the Gray-Hound$d1629 215 $a[6], 49, [1] p 300 $aOn Hebrews XI, 7. 300 $aPrinter's name from STC. 300 $aCf. Folger catalogue, which gives William Jones as probable printer. 300 $aReproduction of the original in the Cambridge University Library. 330 $aeebo-0021 606 $aSermons, English$y17th century 615 0$aSermons, English 700 $aDyke$b Jeremiah$f1584-1639.$01001094 801 0$bCu-RivES 801 1$bCu-RivES 801 2$bCStRLIN 801 2$bWaOLN 906 $aBOOK 912 $a996384706903316 996 $aA sermon preached at the publicke fast$92308709 997 $aUNISA LEADER 01279nam 2200385Ia 450 001 996387986703316 005 20221108045846.0 035 $a(CKB)1000000000629350 035 $a(EEBO)2248501901 035 $a(OCoLC)09304456 035 $a(EXLCZ)991000000000629350 100 $a19830311d1675 uy | 101 0 $aeng 135 $aurbn||||a|bb| 200 10$aGospel-love, heart-purity, and the flourishing of the righteous$b[electronic resource] $ebeing the last sermon of the late reverend Mr. Joseph Caryl 210 $aLondon $cPrinted and are to be sold by John Hancock Senior and Junior$d1675 215 $a[10], 125 p 300 $aReproduction of original in the Harvard University Library. 330 $aeebo-0062 606 $aLove$xReligious aspects$vSermons 606 $aChristian ethics$vSermons 606 $aSermons, English$y17th century 615 0$aLove$xReligious aspects 615 0$aChristian ethics 615 0$aSermons, English 700 $aCaryl$b Joseph$f1602-1673.$01003625 801 0$bUMI 801 1$bUMI 801 2$bOCL 801 2$bUMI 801 2$bWaOLN 906 $aBOOK 912 $a996387986703316 996 $aGospel-love, heart-purity, and the flourishing of the righteous$92403731 997 $aUNISA